000 00645nam a2200241Ia 4500
003 OSt
005 20220918184024.0
006 a|||||r|||| 00| 0
007 ta
008 220917b |||||||| |||| 00| 0 eng d
024 _a43,819
037 _cTextual
040 _aARTS
_cARTS
_beng
041 _2eng
_aeng
082 _aO15,1NNAx, K9
100 _aNarayananda IIrtha
_964280
245 0 _aKrishan lal tarangini
260 _aAndhra
_bPardes Sahiti Samiti India
_c1969
300 _a187p.
_ccm.
650 _aENGLISH LITERATURE
942 _hO15,1NNAx, K9
_cTEXL
_2CC
999 _c174820
_d174820